Paroles : Ohio - Isabelle Adjani - Statistiques

Statistiques générales
  • Ce quiz a été pris 19 fois
  • Le résultat moyen est 132 sur 164
Statistiques - réponses
Réponse % Correct
À
100%
Dans
100%
De
100%
Et
100%
État
100%
Je
100%
Un
100%
Le
93%
L'Ohio
93%
Proche
93%
J'ai
86%
J'suis
86%
Moral
86%
Suis
86%
Zéro
86%
Me
79%
En
71%
M'a
71%
Mes
71%
États
64%
La
64%
Du
57%
Les
57%
Quel
57%
Tous
57%
Chaussettes
50%
Massachusetts
50%
Nevada
50%
Pas
50%
Perdue
50%
Serai-je
50%
Colorado
43%
Ferai
43%
N'en
43%
Second
43%
Côté
36%
On
36%
Peu
36%
Tête
36%
Marche
29%
P'tit
29%
Utah
29%
D'passer
21%
Envie
21%
Forcée
21%
Frontières
21%
L'Eldorado
21%
M'évader
21%
M'extrader
21%
Scarabée
21%
Trouver
21%
D'or
14%
J'approche
14%
J'imaginais
14%
Laissée
14%
Radeau
14%
Aucun quiz correspondant
Distribution des résultats
% des personnes avec chaque résultat
Percentile par nombre de réponses
Votre historique - résultats
Vous n’avez pas pris ce quiz